Datum a čas kvízu
20
Celkem bodů
Celkový počet nahraných bodů na tomto kvízu bez doplňovacích otázek.
7.
Pořadí na kvízu
Konečné umístění týmu na tomto kvízu.
Zaznamenané odpovědi
| # | Otázka | Odpověď | Body | Výsledky |
|---|---|---|---|---|
| 1. | V noci na pátek se v pražské z... | gorila | 1 | |
| 2. | Na českém internetu se objevil... | vrtulník | 0 | |
| 3. | Památkou roku České republiky... | poblíž Tachova | 0 | |
| 4. | Patříte-li mezi zákazníky inte... | fialová | 0 | |
| 5. | Francouzská parkouristka Anouk... | šplh na laně | 0 | |
| 6. | V pěti otázkách tohoto tématu... | fyziologický roztok | 0 | |
| 7. | Jaká je denní dávka kuchyňské... | B | 1 | |
| 8. | Kala namak je zvláštním druhem... | A) černá | 0 | |
| 9. | Jak zní obchodní název takzvan... | Praganda | 0 | |
| 10. | Chcete-li si užít blahodárného... | D) Bad Ischl | 0 |